Формирование основ научного дискурса у студентов неязыковых вузов посредством развития умений академического письма; Филологические науки. Вопросы теории и практики; № 1
| Parent link: | Филологические науки. Вопросы теории и практики.— , 2008- № 1.— 2011.— [С. 17-22] |
|---|---|
| Hlavní autor: | |
| Další autoři: | |
| Shrnutí: | Заглавие с экрана Основной целью данной статьи является обучение студентов неязыковых вузов выполнению научно-исследовательской работы посредством грамотного оформления и представления результатов, как на родном, так и на иностранном языке в форме статей и докладов, а так же выявления ряда проблем при выполнении данного вида работ. Статья посвящена попытке решения данных проблем с использованием возможностей и потенциала самостоятельной работы. The main aim of this article is to teach the students of non-linguistic institutes of higher education to make scientific research works through the competent design and introduction of results in their native language as well as in a foreign language in the form of articles and reports and through the revelation of some problems while creating such kinds of works. The article is devoted to the try of solving these problems with the use of the possibilities and potential of independent work. Режим доступа: по договору с организацией-держателем ресурса |
| Jazyk: | ruština |
| Vydáno: |
2011
|
| Edice: | Педагогические науки |
| Témata: | |
| On-line přístup: | http://elibrary.ru/item.asp?id=15641007 http://www.gramota.net/materials/2/2011/1/3.html |
| Médium: | MixedMaterials Elektronický zdroj Kapitola |
| KOHA link: | https://koha.lib.tpu.ru/cgi-bin/koha/opac-detail.pl?biblionumber=641025 |
MARC
| LEADER | 00000naa0a2200000 4500 | ||
|---|---|---|---|
| 001 | 641025 | ||
| 005 | 20250313133530.0 | ||
| 035 | |a (RuTPU)RU\TPU\network\5903 | ||
| 035 | |a RU\TPU\tpu\21527 | ||
| 090 | |a 641025 | ||
| 100 | |a 20150506d2011 k||y0rusy50 ca | ||
| 101 | 0 | |a rus | |
| 102 | |a RU | ||
| 135 | |a drcn ---uucaa | ||
| 181 | 0 | |a i | |
| 182 | 0 | |a b | |
| 200 | 1 | |a Формирование основ научного дискурса у студентов неязыковых вузов посредством развития умений академического письма |d Formation of the scientific discourse bases of the students of non-linguistic institutes of higher education through the development of academic writing skills |f О. В. Аникина, Е. В. Якименко | |
| 203 | |a Текст |c электронный | ||
| 225 | 1 | |a Педагогические науки | |
| 300 | |a Заглавие с экрана | ||
| 320 | |a [Библиогр.: с. 22 (4 назв.)] | ||
| 330 | |a Основной целью данной статьи является обучение студентов неязыковых вузов выполнению научно-исследовательской работы посредством грамотного оформления и представления результатов, как на родном, так и на иностранном языке в форме статей и докладов, а так же выявления ряда проблем при выполнении данного вида работ. Статья посвящена попытке решения данных проблем с использованием возможностей и потенциала самостоятельной работы. | ||
| 330 | |a The main aim of this article is to teach the students of non-linguistic institutes of higher education to make scientific research works through the competent design and introduction of results in their native language as well as in a foreign language in the form of articles and reports and through the revelation of some problems while creating such kinds of works. The article is devoted to the try of solving these problems with the use of the possibilities and potential of independent work. | ||
| 333 | |a Режим доступа: по договору с организацией-держателем ресурса | ||
| 461 | |t Филологические науки. Вопросы теории и практики |d 2008- | ||
| 463 | |t № 1 |v [С. 17-22] |d 2011 | ||
| 510 | 1 | |a Formation of the scientific discourse bases of the students of non-linguistic institutes of higher education through the development of academic writing skills |z eng | |
| 610 | 1 | |a труды учёных ТПУ | |
| 610 | 1 | |a электронный ресурс | |
| 610 | 1 | |a обучение | |
| 610 | 1 | |a дискурс | |
| 610 | 1 | |a самостоятельная работа | |
| 610 | 1 | |a письменная речь | |
| 610 | 1 | |a целостность | |
| 610 | 1 | |a тексты | |
| 700 | 1 | |a Аникина |b О. В. |c лингвист |c старший преподаватель Томского политехнического университета |c девичья фамилия Андреева |f 1972- |g Оксана Владимировна |3 (RuTPU)RU\TPU\pers\29556 |9 14092 | |
| 701 | 1 | |a Якименко |b Е. В. |c лингвист |c старший преподаватель Томского политехнического университета |f 1972- |g Елена Владимировна |3 (RuTPU)RU\TPU\pers\30967 |9 15205 | |
| 801 | 1 | |a RU |b 63413507 |c 20120619 | |
| 801 | 2 | |a RU |b 63413507 |c 20160315 |g RCR | |
| 856 | 4 | 0 | |u http://elibrary.ru/item.asp?id=15641007 |
| 856 | 4 | 0 | |u http://www.gramota.net/materials/2/2011/1/3.html |
| 942 | |c CF | ||